000
00259 a2200097 4500
001
33956
100
_a
Mahalingam, S.
245
_a
Jet Transport performance methods: boeing flight operations engineering(photocopy)
260
_a
_b
_c
090
_c
22521
_d
22521
942
_a
NUST-CAE
_c
M
_c
13916
999
_c
269029
_d
269029